[Event "Camaguey-B"]
[Site "Camaguey"]
[Date "2010.02.04"]
[Round "4"]
[White "Forgas Moreno, Yaniela"]
[Black "Hecheverria Polanco, Seila"]
[Result "1-0"]
[WhiteElo "2112"]
[BlackElo "1825"]
[PlyCount "95"]
[EventDate "2010.02.02"]
[EventType "tourn"]
[EventRounds "11"]
[EventCountry "CUB"]
[SourceTitle "CBM 135 Extra"]
[Source "ChessBase"]
[SourceDate "2010.05.04"]
[SourceVersion "1"]
[SourceVersionDate "2010.05.04"]
[SourceQuality "1"]

1. e4 e5 2. Nf3 Nc6 3. Bc4 Be7 4. 0-0 Nf6 5. d3 0-0 6. Re1 d6 7. c3 Be6 8. Bb5 a6 9. Ba4 Bg4 10. h3 Bh5 11. Nbd2 Re8 12. Nf1 b5 13. Bc2 d5 14. Ng3 Bg6 15. Qe2 dxe4 16. dxe4 Nh5 17. a4 Nxg3 18. fxg3 Na7 19. Be3 f6 20. Bb3+ Kh8 21. Bxa7 Rxa7 22. axb5 Bc5+ 23. Kh2 axb5 24. Rxa7 Bxa7 25. Qxb5 Qb8 26. Qa4 Rd8 27. Bd5 Be8 28. Qc2 c6 29. Bc4 Qd6 30. b4 Qc7 31. Nd2 Bf7 32. Bxf7 Qxf7 33. Nb3 Qc4 34. Na5 Qb5 35. Rd1 Rxd1 36. Qxd1 h6 37. Qd8+ Kh7 38. Qc7 Bf2 39. Qd7 Qf1 40. Qf5+ Kg8 41. h4 Qg1+ 42. Kh3 Qh1+ 43. Kg4 Qxg2 44. Kh5 Qxg3 45. Qg4 Qxc3 46. Kg6 Qxb4 47. Qe6+ Kf8 48. Qf7# 1-0